Terrorism : (Record no. 24431)

MARC details
000 -LEADER
fixed length control field 04352nam a22004691 4500
005 - DATE AND TIME OF LATEST TRANSACTION
control field 20050808122104.0
008 - FIXED-LENGTH DATA ELEMENTS--GENERAL INFORMATION
fixed length control field 721219s1962 nyu 000 0 eng
010 ## - LCCN (DPL NO)
LC control number B-342324-339
020 ## - INTERNATIONAL STANDARD BOOK NUMBER
International Standard Book Number 9781846841644
Terms of availability 195.00
020 ## - INTERNATIONAL STANDARD BOOK NUMBER
International Standard Book Number 184684164X
Terms of availability 195.00
035 ## - SYSTEM CONTROL NUMBER
System control number B-342324-339
037 ## - SOURCE OF ACQUISITION
Source of stock number/acquisition Viva Books
040 ## - CATALOGING SOURCE
Original cataloging agency dpl
Language of cataloging English
082 ## - DEWEY DECIMAL CLASSIFICATION NUMBER
Classification number 303.625
100 ## - MAIN ENTRY--PERSONAL NAME
Personal name Fotion, Nicholas
245 ## - TITLE STATEMENT
Title Terrorism :
Statement of responsibility, etc by Nicholas Fotion, Boris Kashnikov [and] Joanne K. Lekea
Remainder of title the new world disorder /
260 ## - PUBLICATION, DISTRIBUTION, ETC. (IMPRINT)
Place of publication, distribution, etc London
Name of publisher, distributor, etc Continuum International Publishing Group
Date of publication, distribution, etc 2008
270 ## - ADDRESS
Address The Tower Building,11 York Road
City London
Postal code SE17NX
300 ## - PHYSICAL DESCRIPTION
Extent xix,187 p.
Dimensions 18cm(pbk)
490 ## - SERIES STATEMENT
Series statement Think now series; edited by James Garvey [and] Jeremy Stangroom
500 ## - GENERAL NOTE
General note includes bibliographical references & index
700 ## - ADDED ENTRY--PERSONAL NAME
Personal name Kashnikov , Boris
700 ## - ADDED ENTRY--PERSONAL NAME
Personal name Lekea, Joanne
942 ## - ADDED ENTRY ELEMENTS (KOHA)
Source of classification or shelving scheme Dewey Decimal Classification
Item type English Books
Call number suffix FOT
Classification part 303.625
Holdings
Withdrawn status Lost status Source of classification or shelving scheme Damaged status Not for loan Collection code Home library Current library Date acquired Source of acquisition Cost, normal purchase price Total Checkouts Full call number Barcode Date last seen Copy number Cost, replacement price Koha item type Total Renewals
    Dewey Decimal Classification     Non-fiction Andrews Gunj Andrews Gunj 09/11/2009 Viva Books/1678/18.6.09/77/5.6.09/18.6.09 195.00   303.625 FOT B-342331 09/11/2009 1 195.00 English Books  
    Dewey Decimal Classification     Non-fiction Bagh Kadhe Khan Bagh Kadhe Khan 09/11/2009 Viva Books/1678/18.6.09/77/5.6.09/18.6.09 195.00   303.625 FOT B-342336 09/11/2009 1 195.00 English Books  
  Written-off vide DLB M. No. 383 dt 16.05.19 Dewey Decimal Classification     Non-fiction Bawana Bawana 09/11/2009 Viva Books/1678/18.6.09/77/5.6.09/18.6.09 195.00   303.625 FOT B-342338 09/11/2009 1 195.00 English Books  
    Dewey Decimal Classification     Non-fiction Central Library Central Library 26/02/2009 Viva Books/1678/18.6.09/77/5.6.09/18.6.09 195.00 3 303.625 TER B-342324 29/07/2019 1 195.00 English Books  
    Dewey Decimal Classification     Non-fiction Janak Puri Janak Puri 09/11/2009 Viva Books/1678/18.6.09/77/5.6.09/18.6.09 195.00 14 303.625 FOT B-342328 16/03/2020 1 195.00 English Books  
    Dewey Decimal Classification     Non-fiction Karol Bagh Karol Bagh 09/11/2009 Viva Books/1678/18.6.09/77/5.6.09/18.6.09 195.00   303.625 FOT B-342335 09/11/2009 1 195.00 English Books  
    Dewey Decimal Classification     Non-fiction Kasturba Gandhi Marg Kasturba Gandhi Marg 09/11/2009 Viva Books/1678/18.6.09/77/5.6.09/18.6.09 195.00   303.625 FOT B-342326 09/11/2009 1 195.00 English Books  
    Dewey Decimal Classification     Non-fiction Narela Narela 09/11/2009 Viva Books/1678/18.6.09/77/5.6.09/18.6.09 195.00   303.625 FOT B-342337 09/11/2009 1 195.00 English Books  
    Dewey Decimal Classification     Non-fiction Patel Nagar Patel Nagar 09/11/2009 Viva Books/1678/18.6.09/77/5.6.09/18.6.09 195.00 1 303.625 FOT B-342325 27/07/2022 1 195.00 English Books 2
    Dewey Decimal Classification     Non-fiction Peshwa Road Peshwa Road 09/11/2009 Viva Books/1678/18.6.09/77/5.6.09/18.6.09 195.00   303.625 FOT B-342327 09/11/2009 1 195.00 English Books  
    Dewey Decimal Classification     Non-fiction Qila Rai Pithora Qila Rai Pithora 09/11/2009 Viva Books/1678/18.6.09/77/5.6.09/18.6.09 195.00 1 303.625 FOT B-342333 05/02/2019 1 195.00 English Books  
    Dewey Decimal Classification     Non-fiction R.K.Puram-8 R.K.Puram-8 09/11/2009 Viva Books/1678/18.6.09/77/5.6.09/18.6.09 195.00   303.625 FOT B-342330 09/11/2009 1 195.00 English Books  
    Dewey Decimal Classification     Non-fiction Sarojini Nagar Sarojini Nagar 09/11/2009 Viva Books/1678/18.6.09/77/5.6.09/18.6.09 195.00 2 303.625 FOT B-342329 04/11/2018 1 195.00 English Books  
    Dewey Decimal Classification     Non-fiction Sarojini Nagar Sarojini Nagar 09/11/2009 Viva Books/1678/18.6.09/77/5.6.09/18.6.09 195.00 3 303.625 FOT B-342332 13/05/2022 1 195.00 English Books 3
  Written-off vide DLB M. No. 383 dt 16.05.19 Dewey Decimal Classification     Non-fiction Shahdara Branch Shahdara Branch 09/11/2009 Viva Books/1678/18.6.09/77/5.6.09/18.6.09 195.00   303.625 FOT B-342339 09/11/2009 1 195.00 English Books  
    Dewey Decimal Classification     Non-fiction Vinoba Puri Vinoba Puri 09/11/2009 Viva Books/1678/18.6.09/77/5.6.09/18.6.09 195.00 6 303.625 FOT B-342334 20/06/2023 1 195.00 English Books  

© Delhi Public Library
Hit Counter
free hit counter